000 00428nam a2200133Ia 4500
008 100328s9999 xx 000 0 und d
082 _b17233
100 _aगिरीश
245 _aसर्कस का हत्यारा
260 _bपी.पी.बी. जर्नल्स
630 _aसर्कस का हत्यारा
730 _aसर्कस का हत्यारा
942 _cBOOK
999 _c511834
_d511831